000
00336nam a22001217a 4500
999
_c
534320
_d
534320
040
_c
msohail
082
_a
355.825119
100
_a
Wakeel Anjum - وکیل آنجم
_9
28464
245
_a
Atom Bomb Aman ya Tabai - ایٹم بم آمن یا تباہی -
260
_a
Lahore
_b
Jhangir Books
_c
N.D.
300
_a
632;p
942
_2
ddc
_c
BK